[Event "TCh-POL Ekstraliga"]
[Site "Lubniewice POL"]
[Date "2005.09.03"]
[Round "1"]
[White "Jedynak,R"]
[Black "Fraczek,Dan"]
[Result "1-0"]
[WhiteElo "2394"]
[BlackElo "2309"]

1.d4 Nf6 2.c4 g6 3.Nc3 Bg7 4.e4 d6 5.Nf3 O-O 6.Be2 e5 7.O-O Nbd7 8.Re1 c6
9.Bf1 exd4 10.Nxd4 Re8 11.f3 a5 12.Be3 Nc5 13.Qd2 Qe7 14.Rad1 Nfd7 15.Nc2 Bf8
16.Bh6 Bxh6 17.Qxh6 Ne5 18.Ne3 f6 19.Qh4 Kg7 20.Qf2 Bd7 21.Qc2 Nf7 22.Na4 Nxa4
23.Qxa4 Qe5 24.Qb3 Bc8 25.Kh1 Re7 26.Qc2 a4 27.a3 Qa5 28.Qf2 Bd7 29.Rd3 Rae8
30.Red1 Bc8 31.g3 Re5 32.Bg2 R5e7 33.h3 Rf8 34.Kh2 Rfe8 35.R1d2 Re5 36.Nd1 Qc5
37.Rd4 Qa5 38.Nc3 R5e7 39.Rd1 Be6 40.Bf1 Ra8 41.R4d2 Qa7 42.Qg2 Qc5 43.Rd4 Ra5
44.f4 Bc8 45.Be2 Qb6 46.Bf3 Qc5 47.Qc2 Qa7 48.Qe2 Qb6 49.R1d2 Qa7 50.Bg4 Bxg4
51.Qxg4 Qb8 52.Qd1 Qa7 53.Qc2 Qa6 54.Nd1 Qa7 55.Qd3 Qc5 56.Nf2 Ra8 57.Qc3 Qa5
58.Qxa5 Rxa5 59.Kg2 c5 60.R4d3 b5 61.cxb5 Rxb5 62.Rc3 Reb7 63.Nd1 R5b6 64.Rc4 Ra6
65.Nc3 Rba7 66.Kf3 Ra5 67.h4 R7a6 68.Nd5 Ra7 69.Nc3 R7a6 70.Nd5 Ra7 71.Rc3 Rb5
72.Ne3 Kf8 73.Rcd3 Ra6 74.Nd5 Ra7 75.Nxf6 Rab7 76.Nxh7+ Ke7 77.Ng5 Nxg5+
78.hxg5 Rxb2 79.Rxd6 R7b3+ 80.Kg4 Rxd2 81.Rxd2 Re3 82.Rd5 Rxe4 83.Rxc5 Re3
84.Re5+ Rxe5 85.fxe5 Ke6 86.Kf4 Kd5 87.g4  1-0

[Event "ch-New York State"]
[Site "Monticello USA"]
[Date "2005.09.05"]
[Round "5"]
[White "Sarkar,J"]
[Black "Bonin,J"]
[Result "1/2-1/2"]
[WhiteElo "2382"]
[BlackElo "2335"]

1.d4 Nf6 2.c4 g6 3.Nc3 Bg7 4.e4 d6 5.Nf3 O-O 6.Be2 e5 7.Be3 exd4 8.Nxd4 Re8
9.f3 Nc6 10.Qd2 Nh5 11.O-O Nxd4 12.Bxd4 Nf4 13.Rfd1 Bxd4+ 14.Qxd4 Nxe2+ 15.Nxe2 b6
16.Nc3 Bb7 17.Rac1 Qe7 18.Nd5 Bxd5 19.Qxd5 Qe6 20.Rf1 Qe5 21.Rc3 a5 22.Rb3 Qxd5
23.cxd5 Rad8 24.Rc1 Rd7 25.Rbc3 Ree7 26.Kf2 f6  1/2-1/2

[Event "FSIMB September"]
[Site "Budapest HUN"]
[Date "2005.09.06"]
[Round "4"]
[White "Kahn,E"]
[Black "Pirisi,G"]
[Result "1/2-1/2"]
[WhiteElo "2307"]
[BlackElo "2294"]

1.d4 Nf6 2.c4 g6 3.Nc3 Bg7 4.e4 d6 5.Nf3 O-O 6.Be2 e5 7.dxe5 dxe5 8.Qxd8 Rxd8
9.Bg5 Re8 10.Nd5 Nxd5 11.cxd5 c6 12.Bc4 cxd5 13.Bxd5 Nc6 14.Ke2 Bg4  1/2-1/2

[Event "FSIMA September"]
[Site "Budapest HUN"]
[Date "2005.09.09"]
[Round "7"]
[White "Petran,Pa"]
[Black "Werner,Di"]
[Result "1-0"]
[WhiteElo "2416"]
[BlackElo "2369"]

1.d4 Nf6 2.c4 g6 3.Nc3 Bg7 4.e4 O-O 5.Be2 d6 6.Nf3 e5 7.O-O Nh5 8.Bg5 f6
9.Be3 Nf4 10.c5 Nxe2+ 11.Qxe2 exd4 12.Bxd4 dxc5 13.Bxc5 Rf7 14.e5 Na6 15.Ba3 Qe8
16.Rae1 fxe5 17.Ng5 Rf5 18.f4 h6 19.g4 Rf6 20.Qc4+ Re6 21.Nxe6 Bxe6 22.Qe4 Rd8
23.f5 Rd4 24.Qxd4 exd4 25.Rxe6 Qd7 26.Re7 Qc6 27.Ne4 gxf5 28.gxf5 b5 29.Re6 Qd5
30.Re8+ Kf7 31.Re7+ Kg8 32.Rf3 b4 33.f6 Bf8 34.f7+ Kh7 35.Nf6+  1-0

[Event "zt 2.3"]
[Site "Guayaquil ECU"]
[Date "2005.09.09"]
[Round "6"]
[White "Murillo,Alex"]
[Black "Guerrero,C"]
[Result "1-0"]
[WhiteElo "2362"]
[BlackElo "2132"]

1.d4 Nf6 2.c4 g6 3.Nc3 Bg7 4.e4 O-O 5.Nf3 d6 6.Be2 e5 7.d5 Nbd7 8.Bg5 h6
9.Bh4 g5 10.Bg3 Nc5 11.Nd2 a5 12.O-O Bd7 13.Rb1 Qc8 14.b3 Ne8 15.a3 f5 16.f3 f4
17.Bf2 b6 18.b4 axb4 19.axb4 Na6 20.c5 bxc5 21.bxc5 Nxc5 22.Bxc5 dxc5 23.Bb5 Rf6
24.Nc4 Rg6 25.Bxd7 Qxd7 26.d6 Qe6 27.dxc7 Nxc7 28.Rb6 Qxc4 29.Rxg6 Qxc3 30.Rxg7+ Kxg7
31.Qd7+ Kg6 32.Qf5+ Kg7 33.Qd7+ Kf6 34.Qxc7 Qd4+ 35.Kh1 Ra1 36.Qb6+ Kg7 37.Qb7+ Kg6
38.Qb5 Rxf1+ 39.Qxf1 c4 40.h4 Qd3 41.Qa1 c3 42.Kh2 g4 43.Qa4 g3+ 44.Kh3 Qd6
45.h5+ Kxh5 46.Qe8+ Kg5 47.Qd8+ Qf6 48.Qg8+ Qg6 49.Qd8+ Kh5 50.Qh4+  1-0

[Event "TCh-POL Ekstraliga"]
[Site "Lubniewice POL"]
[Date "2005.09.09"]
[Round "7"]
[White "Przewoznik,J"]
[Black "Czakon,J"]
[Result "0-1"]
[WhiteElo "2404"]
[BlackElo "2461"]

1.Nf3 Nf6 2.c4 g6 3.Nc3 Bg7 4.e4 d6 5.d4 O-O 6.Be2 e5 7.Be3 Na6 8.O-O Ng4
9.Bg5 Qe8 10.h3 h6 11.Bc1 exd4 12.Nxd4 Nf6 13.Bf3 Nh7 14.h4 c6 15.Re1 Qe7
16.g3 Nc5 17.Bf4 Nd7 18.Nxc6 bxc6 19.Bxd6 Qe6 20.Bxf8 Nhxf8 21.Rc1 Ne5 22.b3 g5
23.hxg5 hxg5 24.Bg2 Qh6 25.Qd2 Ne6 26.Rcd1 Bf8 27.Na4 Qh5 28.Qa5 g4 29.Qc3 Ng5
30.Kf1 Ngf3 31.Re3 Qh2 32.Rxf3 gxf3 33.Bxf3 Bg4 34.Bxg4 Qh1+ 35.Ke2 Qxe4+
36.Kf1 Qxg4 37.Re1 Qh3+ 38.Kg1 Ng4 39.Qf3 Rd8 40.Nc3 Rd3  0-1

[Event "TCh-POL Ekstraliga"]
[Site "Lubniewice POL"]
[Date "2005.09.11"]
[Round "9"]
[White "Heberla,B"]
[Black "Rutkowski,M"]
[Result "1/2-1/2"]
[WhiteElo "2447"]
[BlackElo "2358"]

1.c4 g6 2.Nc3 Bg7 3.d4 Nf6 4.Nf3 d6 5.e4 O-O 6.Be2 e5 7.d5 a5 8.O-O Na6 9.Rb1 Nc5
10.Nd2 Bh6 11.Qc2 Bg4 12.Bxg4  1/2-1/2

[Event "TCh-FIN 2005-6"]
[Site "Tampere FIN"]
[Date "2005.09.11"]
[Round "2"]
[White "Mertanen,J"]
[Black "Makinen,I"]
[Result "1-0"]
[WhiteElo "2288"]
[BlackElo "2162"]

1.d4 g6 2.e4 Bg7 3.c4 d6 4.Nc3 Nd7 5.Nf3 e5 6.Be2 Ngf6 7.O-O O-O 8.Be3 c6
9.d5 c5 10.Ne1 Ne8 11.Nd3 f5 12.exf5 gxf5 13.f4 e4 14.Nf2 Bxc3 15.bxc3 Ndf6
16.h3 Kh8 17.g3 Rg8 18.Kh2 Qe7 19.Rg1 b6 20.Qd2 Bd7 21.Nd1 Qg7 22.a4 a5 23.Rg2 Qh6
24.Nf2 Ra7 25.Qc2 Bc8 26.Rb1 Rb7 27.Rbg1 Rbg7 28.Qb1 Nd7 29.g4 Qf6 30.g5 Qxc3
31.Bc1 Qb4 32.Bb2 Qd2 33.Qc1 Qxe2 34.Ng4 Qf3 35.Rg3 fxg4 36.Rxf3 gxf3 37.Qe3 Ndf6
38.gxf6 Rg2+ 39.Rxg2 Rxg2+ 40.Kh1 Rxb2 41.f7  1-0

[Event "FSGM September"]
[Site "Budapest HUN"]
[Date "2005.09.13"]
[Round "11"]
[White "Czebe,A"]
[Black "Ilincic,Z"]
[Result "1-0"]
[WhiteElo "2494"]
[BlackElo "2470"]

1.Nf3 Nf6 2.d4 g6 3.c4 Bg7 4.Nc3 O-O 5.e4 d6 6.Be2 e5 7.O-O Nh5 8.Be3 Nf4
9.h3 exd4 10.Nxd4 Nxe2+ 11.Qxe2 Nc6 12.Rad1 Re8 13.c5 Bd7 14.cxd6 cxd6 15.Ndb5 Qb8
16.Nxd6 Rf8 17.f4 a5 18.Nc4 Bc8 19.f5 Rd8 20.Nd5 Re8 21.Qf3 gxf5 22.exf5 b5
23.Ncb6 Ra6 24.Kh1 Kh8 25.Qf2 Qe5 26.Rde1 Rg8 27.Bc5 Qb8 28.Qh4 Be5 29.Nf6 Rg7
30.Bf8 Rxb6 31.Qh6 Bxf6 32.Bxg7+  1-0

[Event "EYb14"]
[Site "Herceg Novi SCG"]
[Date "2005.09.14"]
[Round "1"]
[White "Pap,G"]
[Black "Ivekovic,Z"]
[Result "1-0"]
[WhiteElo "2384"]
[BlackElo "2049"]

1.d4 Nf6 2.c4 g6 3.Nc3 Bg7 4.e4 d6 5.Nf3 O-O 6.Be2 e5 7.Be3 Nc6 8.d5 Ne7
9.Nd2 Nd7 10.b4 a5 11.bxa5 f5 12.f3 f4 13.Bf2 g5 14.Nb3 Nf6 15.c5 h5 16.cxd6 cxd6
17.Bb6 Qe8 18.Nb5 Qg6 19.Nxd6 g4 20.Nc5 h4 21.Qb3 Kh7 22.O-O-O gxf3 23.gxf3 Qg2
24.Bb5 Qg6 25.Nc4  1-0

[Event "EYb18"]
[Site "Herceg Novi SCG"]
[Date "2005.09.16"]
[Round "3"]
[White "Eletskikh,A"]
[Black "Pancevski,F"]
[Result "0-1"]
[WhiteElo "2164"]
[BlackElo "2319"]

1.d4 Nf6 2.Nf3 g6 3.c4 Bg7 4.Nc3 d6 5.e4 O-O 6.Be2 e5 7.Be3 Ng4 8.Bg5 f6
9.Bc1 f5 10.h3 Nxf2 11.Kxf2 fxe4 12.Nxe4 Qh4+ 13.Ke3 Bh6+ 14.Kd3 Qxe4+ 15.Kc3 exd4+
16.Nxd4 Bg7 17.Bf3 Qh4 18.Rf1 Kh8 19.g3 Qxg3 20.Kc2 Bxh3 21.Rg1 Qf2+  0-1

[Event "EYg16"]
[Site "Herceg Novi SCG"]
[Date "2005.09.16"]
[Round "3"]
[White "Kublashvili,E"]
[Black "Daulyte,D"]
[Result "1/2-1/2"]
[WhiteElo "2077"]
[BlackElo "2195"]

1.d4 Nf6 2.c4 g6 3.Nc3 Bg7 4.e4 d6 5.Nf3 O-O 6.Be2 Na6 7.O-O e5 8.Re1 c6
9.Rb1 exd4 10.Nxd4 Re8 11.Bf1 Ng4 12.h3 Qb6 13.hxg4 Bxd4 14.Be3 Bxe3 15.Rxe3 Qc5
16.a3 Qg5 17.Be2 Nc5 18.Qxd6 Rd8 19.Qg3 Nb3 20.e5 Rd4 21.Rd1 Qd8 22.Red3 Rxd3
23.Bxd3 Nd4 24.Ne4 Be6 25.Nf6+ Kg7 26.Qh3 h5 27.Rd2 Bxg4 28.Nxg4 hxg4 29.Qxg4 c5
30.Qf4 Qe7 31.Be4 Rh8 32.Qf6+ Qxf6 33.exf6+ Kxf6 34.Bxb7 Ke5 35.Bd5 f6 36.b4 Rb8
37.bxc5 g5 38.f3 Rc8 39.g3 Nb3 40.Re2+ Kd4 41.Re6 Rxc5 42.Rxf6 Nd2 43.Ra6 Nxc4
44.Bxc4 Rxc4 45.Rxa7 Ke3 46.Rf7 Rc2 47.Rf5 Ra2  1/2-1/2

[Event "EYg16"]
[Site "Herceg Novi SCG"]
[Date "2005.09.17"]
[Round "4"]
[White "Ivakhinova,I"]
[Black "Kublashvili,E"]
[Result "1-0"]
[WhiteElo "2215"]
[BlackElo "2077"]

1.Nf3 Nf6 2.c4 g6 3.Nc3 Bg7 4.e4 d6 5.d4 O-O 6.Be2 e5 7.Be3 Nc6 8.d5 Ne7
9.Nd2 Nd7 10.b4 f5 11.f3 f4 12.Bf2 Nf6 13.c5 g5 14.Nc4 Ng6 15.cxd6 cxd6 16.Nb5 Ne8
17.Nxa7 Nh4 18.O-O h5 19.Nxc8 Rxc8 20.Rc1 Bh6 21.Nb6 Rxc1 22.Qxc1 g4 23.Qc8 Bg5
24.Qxd8 Bxd8 25.a4 g3 26.hxg3 fxg3 27.Be3 Ng6 28.Ra1 Nf4 29.Bf1 Nf6 30.a5 Bxb6
31.Bxb6 Rc8 32.b5 Nd7 33.Be3 Kf7 34.a6 b6 35.a7 Ra8 36.Ra6 Ke7 37.Bxb6 Nxb6
38.Rxb6 Rxa7 39.Ra6 Rc7 40.Rc6 Ra7 41.Rc1 Kd7 42.b6 Rb7 43.Bb5+  1-0

[Event "ProMoPro Open"]
[Site "Prague CZE"]
[Date "2005.09.17"]
[Round "3"]
[White "Tejkal,J"]
[Black "Pokrupa,M"]
[Result "1/2-1/2"]
[WhiteElo "2033"]
[BlackElo "2148"]

1.d4 Nf6 2.Nf3 g6 3.c4 Bg7 4.Nc3 O-O 5.e4 d6 6.Be2 e5 7.O-O Na6 8.d5 Nc5
9.Qc2 a5 10.b3 Nfxe4 11.Nxe4 Nxe4 12.Qxe4 f5 13.Qb1 e4 14.Nd2 Qf6 15.Ba3 Qc3
16.Qc1 e3 17.Qxc3 Bxc3  1/2-1/2

[Event "Caissa IM September"]
[Site "Kecskemet HUN"]
[Date "2005.09.18"]
[Round "3"]
[White "Kragelj,I"]
[Black "Farkas,Ti"]
[Result "0-1"]
[WhiteElo "2230"]
[BlackElo "2349"]

1.d4 Nf6 2.c4 g6 3.Nc3 Bg7 4.e4 d6 5.Nf3 O-O 6.Be2 Nbd7 7.O-O e5 8.Be3 Re8
9.Qc2 Ng4 10.Bg5 f6 11.Bd2 c6 12.Rad1 Qe7 13.Bc1 Nh6 14.b4 Nf7 15.b5 Nb6
16.bxc6 bxc6 17.Ba3 exd4 18.Nxd4 c5 19.Ndb5 Bb7 20.Bb2 a6 21.Na3 Rab8 22.f3 Bc8
23.Ba1 f5 24.exf5 Bxf5 25.Bd3 Bxd3 26.Qxd3 Bd4+ 27.Kh1 Ne5 28.Qe2 Bxc3 29.Bxc3 Nexc4
30.Qxe7 Rxe7 31.Nxc4 Nxc4 32.Rf2 d5  0-1

[Event "ch-Arab"]
[Site "Dubai UAE"]
[Date "2005.09.20"]
[Round "9"]
[White "Mohammad,Sa"]
[Black "Belkhodja,S"]
[Result "0-1"]
[WhiteElo "2312"]
[BlackElo "2468"]

1.d4 d6 2.Nf3 g6 3.c4 Bg7 4.Nc3 Nf6 5.e4 O-O 6.Be2 e5 7.d5 a5 8.Bg5 h6 9.Bh4 Na6
10.Nd2 Qe8 11.O-O Nh7 12.Rb1 Bd7 13.b3 h5 14.f3 Bh6 15.a3 Be3+ 16.Kh1 Bc5
17.Qc1 Kh8 18.Bf2 Qe7 19.Bxc5 Nxc5 20.b4 axb4 21.axb4 Na4 22.Ra1 Nxc3 23.Qxc3 b6
24.Nb3 f5 25.Bd3 Nf6 26.Nd2 h4 27.Rxa8 Rxa8 28.Qc2 Nh5 29.Kg1 Qg5 30.Kf2 Ra3  0-1

[Event "EYb16"]
[Site "Herceg Novi SCG"]
[Date "2005.09.20"]
[Round "6"]
[White "Trofimov,SP"]
[Black "Nakhapetiane,P"]
[Result "1/2-1/2"]
[WhiteElo "2411"]
[BlackElo "2325"]

1.d4 Nf6 2.c4 g6 3.Nc3 Bg7 4.e4 d6 5.Nf3 O-O 6.Be2 e5 7.d5 a5 8.h3 Na6 9.Bg5 Bd7
10.Nd2 Nc5 11.Qc2 c6 12.Be3 Ne8 13.g4 cxd5 14.cxd5 Rc8 15.Qd1 f5 16.gxf5 gxf5
17.exf5 Bxf5 18.Bxc5 Rxc5 19.Nde4 Bxe4 20.Nxe4 Qh4 21.Bd3 Rf4 22.Qe2 Rc7
23.Rg1 h6 24.Rg4 Qxh3 25.Rxf4 Qh1+ 26.Qf1 Qxf1+ 27.Kxf1 exf4 28.Rb1 Be5 29.Ke2 Nf6
30.Nxf6+ Bxf6 31.b3 Kf7 32.Rh1 Bg5 33.Bc4 b5 34.Bxb5 Rc2+ 35.Kf3 Rxa2 36.Re1 Bh4
37.Re2 Ra3 38.Ba4  1/2-1/2

[Event "ProMoPro Open"]
[Site "Prague CZE"]
[Date "2005.09.22"]
[Round "8"]
[White "Hausner,I"]
[Black "Kubikova,H"]
[Result "1-0"]
[WhiteElo "2432"]
[BlackElo "2125"]

1.d4 Nf6 2.c4 d6 3.Nc3 g6 4.e4 Bg7 5.Nf3 O-O 6.Be2 e5 7.d5 a5 8.Bg5 h6 9.Bh4 Na6
10.Nd2 Bd7 11.a3 Qe7 12.Rb1 Nc5 13.b3 b6 14.Qc2 g5 15.Bg3 h5 16.h4 g4 17.b4 axb4
18.axb4 Nb7 19.f3 Bh6 20.Bf2 Nh7 21.fxg4 hxg4 22.Bd3 Nf6 23.h5 Nh7 24.Nf1 f5
25.exf5 e4 26.Nxe4 Bxf5 27.Ng3 Bxe4 28.Bxe4 Bf4 29.O-O Ng5 30.Bg6 Ra3 31.Nf5 Qe5
32.Bd4 Be3+ 33.Bxe3 Rxf5 34.Qxf5 Qxe3+ 35.Kh1 Qe7 36.Rbe1  1-0

[Event "Open"]
[Site "Bucharest ROM"]
[Date "2005.09.23"]
[Round "8"]
[White "Dumitrache,D"]
[Black "Nemeth,F"]
[Result "1-0"]
[WhiteElo "2469"]
[BlackElo "2415"]

1.d4 Nf6 2.c4 g6 3.Nc3 Bg7 4.e4 d6 5.Nf3 O-O 6.Be2 e5 7.O-O Na6 8.Re1 c6
9.Bf1 exd4 10.Nxd4 Qb6 11.Na4 Qa5 12.f3 Re8 13.Bd2 Qd8 14.Be3 d5 15.exd5 cxd5
16.c5 Nc7 17.Qd2 Ne6 18.b4 Nd7 19.Nc3 Ne5 20.Ncb5 Nc6 21.Rad1 Nexd4 22.Nxd4 Be6
23.Bf2 a6 24.a4 Qd7 25.b5 axb5 26.axb5 Na5 27.Qb4 Qe7 28.b6 Nc6 29.Nxc6 bxc6
30.b7 Rab8 31.Rb1 Bf8 32.Kh1 Qf6 33.Bg3 d4 34.Be5 Qh4 35.Qxd4 Qxd4 36.Bxd4 Bg7
37.Bf2 Bc3 38.Re3 Bd2 39.Re4 f5 40.Rxe6 Rxe6 41.Bc4 Kf7 42.Rd1  1-0

[Event "EYg16"]
[Site "Herceg Novi SCG"]
[Date "2005.09.23"]
[Round "9"]
[White "Ivakhinova,I"]
[Black "Severiukhina,Z"]
[Result "1/2-1/2"]
[WhiteElo "2215"]
[BlackElo "2099"]

1.d4 g6 2.Nf3 Bg7 3.c4 d6 4.Nc3 Nf6 5.e4 O-O 6.Be2 e5 7.Be3 Ng4 8.Bg5 f6
9.Bh4 Nc6 10.d5 Ne7 11.Nd2 Nh6 12.f3 g5 13.Bf2 f5 14.c5 Ng6 15.g3 g4 16.exf5 Nxf5
17.fxg4 Nd4 18.cxd6 cxd6 19.O-O Bh6 20.Nde4 Qb6 21.Nb5 Rxf2 22.Nxf2 Nxb5
23.Bxb5 Qxb5 24.Ne4 Bd7 25.Kh1 Rf8 26.Nf6+ Kh8 27.a4 Qb4 28.h4 Rxf6 29.Rxf6 Bxg4
30.Qc2 Bg7 31.Rf7 Qd4 32.Qc7 Qxd5+ 33.Kh2 Qd2+ 34.Kh1 Qd5+ 35.Kh2 Qd2+  1/2-1/2

[Event "EYb18"]
[Site "Herceg Novi SCG"]
[Date "2005.09.23"]
[Round "9"]
[White "Vass,F"]
[Black "Brandenburg,D"]
[Result "1/2-1/2"]
[WhiteElo "2287"]
[BlackElo "2371"]

1.d4 Nf6 2.c4 g6 3.Nc3 Bg7 4.e4 d6 5.Nf3 O-O 6.Be2 e5 7.d5 Na6 8.Nd2 Ne8
9.h4 f5 10.h5 f4 11.hxg6 hxg6 12.Nb3 Bd7 13.g3 Qf6 14.gxf4 exf4 15.Bg4 Qe7
16.Bxd7 Qxd7 17.Rg1 Nf6 18.f3 Qh3 19.Qe2 Nh5 20.Bd2 Qh4+ 21.Qf2 Qxf2+ 22.Kxf2 Kf7
23.a3 Be5 24.Rab1 Kf6 25.Ne2 Rh8 26.Rg2 g5 27.Nbc1 Ng3 28.Nd3 Nxe2 29.Nxe5 Ng3
30.Ng4+ Kg6 31.Bc3 Rh4 32.Bd4 Re8 33.b4 b6 34.Re1 Nh1+ 35.Ke2 Nb8 36.c5 Ng3+
37.Kd3 bxc5 38.bxc5 dxc5 39.Bxc5 Nd7 40.Kd4 Rh3 41.Rc1 Nf6 42.Nxf6 Kxf6 43.Bxa7 g4
44.e5+ Kf5 45.fxg4+ Kxg4 46.Rc4 Kf3 47.Rcc2 Rh5 48.Rgf2+ Kg4 49.e6 Rd8 50.Rc5 Nf5+
51.Kc3 Ne7 52.d6 Rxd6 53.Rxh5 Kxh5 54.Bb8 Rxe6 55.Rxf4  1/2-1/2

[Event "2nd Highlands Open A"]
[Site "Havlickuv Brod CZE"]
[Date "2005.09.24"]
[Round "1"]
[White "Cvek,R"]
[Black "Rojicek,V"]
[Result "1-0"]
[WhiteElo "2479"]
[BlackElo "2153"]

1.Nf3 Nf6 2.c4 g6 3.Nc3 d6 4.e4 Bg7 5.d4 Nbd7 6.Be2 e5 7.O-O O-O 8.Re1 c6
9.Bf1 Qb6 10.d5 Nc5 11.Rb1 Ng4 12.Be3 Nxe3 13.Rxe3 f5 14.dxc6 bxc6 15.Qxd6 f4
16.Ree1 Bg4 17.b4 Ne6 18.c5 Qb7 19.Bc4 Kh8 20.Bxe6 Bxf3 21.b5 Bh5 22.bxc6 Qa6
23.c7 Qa5 24.Nd5 g5 25.Ne7 g4 26.Nf5 g3 27.hxg3  1-0

[Event "2nd Highlands Open A"]
[Site "Havlickuv Brod CZE"]
[Date "2005.09.30"]
[Round "7"]
[White "Cvek,R"]
[Black "Folk,P"]
[Result "1-0"]
[WhiteElo "2479"]
[BlackElo "2246"]

1.Nf3 Nf6 2.c4 g6 3.Nc3 Bg7 4.e4 d6 5.d4 O-O 6.Be2 e5 7.d5 a5 8.Nd2 Na6 9.a3 Nc5
10.b3 Bh6 11.Qc2 Ng4 12.O-O f5 13.Bxg4 fxg4 14.Ra2 b6 15.b4 axb4 16.axb4 Rxa2
17.Nxa2 Nb7 18.Nc3 Bd7 19.Nb3 Bf4 20.Ne2 g5 21.Bb2 Rf6 22.Qc3 Qe8 23.Ng3 Qf7
24.Ra1 Bxg3 25.Qxg3 Qg6 26.Qe3 Rf8 27.Ra7 Rb8 28.Nd2 h6 29.Qa3 Qe8 30.Bc3 Qc8
31.g3 Nd8 32.c5 Bb5 33.c6 Nf7 34.Bb2 Nh8 35.Nf1 Bxf1 36.Kxf1 Ng6 37.Bc1 Nf8
38.Be3 Nh7 39.b5 Nf6 40.Qa4 Qd8 41.Ke2 Kg7 42.Kd3 Kg6 43.Qa6 Ne8 44.Qa1 Qc8
45.Ke2 Nf6 46.Qa4 Qd8 47.Kf1 Qc8 48.Kg2 Qd8 49.Qc2 Qc8 50.Qc4 Qd8 51.Qa4 Ne8
52.h3 h5 53.hxg4 hxg4 54.Qa1 Qf6 55.Qd1 Kh5 56.Ra1 Qf7 57.Qe2 Nf6 58.Rh1+ Kg6
59.Bxg5 Nxe4 60.Qxe4+ Kxg5 61.Rh7  1-0

[Event "Belgrade Premier League"]
[Site "Belgrade SCG"]
[Date "2005.10.01"]
[Round "1"]
[White "Krnic,Z"]
[Black "Bakic,R"]
[Result "1-0"]
[WhiteElo "2369"]
[BlackElo "2403"]

1.Nf3 g6 2.c4 Bg7 3.d4 d6 4.Nc3 Nf6 5.e4 O-O 6.Be2 e5 7.O-O Na6 8.Re1 c6
9.Rb1 exd4 10.Nxd4 Re8 11.Bf1 Ng4 12.h3 Qb6 13.hxg4 Qxd4 14.Qf3 Qf6 15.Qg3 g5
16.Rd1 Re6 17.Be3 Qe7 18.f3 Nc5 19.Ne2 Nxe4 20.fxe4 Rxe4 21.Bd4 Bxg4 22.Bxg7 Kxg7
23.Nc3 Rf4 24.Re1 Qf6 25.Re4 Rxe4 26.Nxe4 Qd4+ 27.Nf2 h5 28.Re1 Qxb2 29.Nxg4 hxg4
30.Qxg4 Qb6+ 31.Kh2 Rh8+ 32.Kg3 Qc5 33.Bd3 Rh6 34.Qf5 Qxf5 35.Bxf5 Rh4 36.Bg4 f5
37.Bxf5 Rxc4 38.Re6 d5 39.Rg6+ Kf7 40.Rxg5 Kf6 41.Rh5 b5 42.Kf3 Rc3+ 43.Kf4 Rc4+
44.Ke3 Rc3+ 45.Ke2 c5 46.g4 c4 47.Bb1 d4 48.Rxb5 Rg3 49.Rb4 Rxg4 50.Rxc4 Ke5
51.Rc5+ Kd6 52.Ra5 Rg7 53.Be4 Rg3 54.Kd2 Re3 55.Bd3 Re7  1-0

[Event "FSIMB October"]
[Site "Budapest HUN"]
[Date "2005.10.01"]
[Round "1"]
[White "Dougherty,M"]
[Black "Pachow,J"]
[Result "0-1"]
[WhiteElo "2212"]
[BlackElo "2311"]

1.Nf3 Nf6 2.c4 g6 3.Nc3 Bg7 4.e4 d6 5.d4 O-O 6.Be2 e5 7.d5 a5 8.Bg5 h6 9.Bh4 g5
10.Bg3 Nh5 11.h4 g4 12.Nh2 Nxg3 13.fxg3 h5 14.O-O Na6 15.Bd3 Nc5 16.Bc2 Bd7
17.Qe2 Qe7 18.Rf2 f5 19.exf5 e4 20.Qe3 Rae8 21.Rd1 Qf6 22.Ne2 Bh6 23.Nf4 Qxb2
24.Nf1 Qe5 25.Qe1 Nd3 26.Bxd3 exd3 27.Qxa5 Bxf4 28.gxf4 Qd4 29.Ng3 Bxf5 30.Qxc7 Re2
31.Nxe2 dxe2 32.Rxd4 e1=Q+ 33.Rf1 Qe3+ 34.Kh1 Qxd4 35.Qxd6 Re8 36.Qh6 Qd3
37.Qg5+ Bg6 38.Kg1 Qf5 39.c5 Qxg5 40.fxg5 Re5 41.Rd1 Kf8 42.c6 bxc6 43.dxc6 Rc5
44.Rd6 Be4 45.Rh6  0-1

[Event "Open A"]
[Site "Hamburg GER"]
[Date "2005.10.02"]
[Round "2"]
[White "Lindinger,M"]
[Black "Bracker,F"]
[Result "1-0"]
[WhiteElo "2303"]
[BlackElo "2064"]

1.d4 Nf6 2.c4 g6 3.Nc3 Bg7 4.e4 d6 5.Nf3 O-O 6.Be2 e5 7.Be3 h6 8.O-O Ng4
9.Bc1 Nc6 10.d5 Ne7 11.Nd2 f5 12.Bxg4 fxg4 13.b4 g5 14.c5 Ng6 15.Nc4 Rf7
16.a4 Bf8 17.Ba3 Qf6 18.a5 Nf4 19.b5 dxc5 20.b6 axb6 21.axb6 c6 22.dxc6 bxc6
23.Bb2 Rxa1 24.Qxa1 Nd3 25.Na4 Nxb2 26.Qxb2 Ba6 27.Nxe5 Bxf1 28.Nxf7 Qxb2
29.Nxb2 Ba6 30.Nd8 c4 31.Na4 Bd6 32.Nxc6 Bb5 33.e5 Bxc6 34.exd6 Kf7 35.Kf1 Ke6
36.b7 Bxb7 37.Nc5+ Kxd6 38.Nxb7+ Kd5 39.Ke2 h5 40.Ke3 h4 41.Na5 c3 42.Kd3 c2
43.Kxc2 h3 44.gxh3 Ke4 45.hxg4 Kf3 46.Kd3  1-0

[Event "Autumn 4"]
[Site "Alushta UKR"]
[Date "2005.10.03"]
[Round "11"]
[White "Truskavetsky,A"]
[Black "Shtyrenkov,V"]
[Result "1/2-1/2"]
[WhiteElo "2399"]
[BlackElo "2459"]

1.d4 Nf6 2.c4 g6 3.Nc3 Bg7 4.e4 d6 5.Nf3 O-O 6.Be2 e5 7.O-O Na6 8.Re1 c6
9.Rb1 Qe7 10.Bf1 Bg4 11.d5 c5 12.a3 Kh8 13.b4 Ng8 14.Be3 Bh6  1/2-1/2

[Event "FSGM October"]
[Site "Budapest HUN"]
[Date "2005.10.04"]
[Round "4"]
[White "Radziewicz,I"]
[Black "Wittmann,W"]
[Result "1/2-1/2"]
[WhiteElo "2453"]
[BlackElo "2376"]

1.d4 Nf6 2.c4 g6 3.Nc3 Bg7 4.e4 d6 5.Be2 O-O 6.Nf3 e5 7.O-O Na6 8.Re1 c6
9.Bf1 exd4 10.Nxd4 Ng4 11.h3 Qb6 12.hxg4 Qxd4 13.Bf4 Qxd1 14.Raxd1 Be5 15.Bxe5 dxe5
16.f3 Be6 17.Rd2 Rfd8 18.Red1 Rxd2 19.Rxd2 f6 20.g3 Kf7 21.Na4 b6 22.Nc3 Ke7
23.Nd5+ cxd5 24.cxd5 Nc5 25.dxe6 Nxe6 26.Rc2 Rd8 27.Kf2 Rd7  1/2-1/2

[Event "Open A"]
[Site "Hamburg GER"]
[Date "2005.10.04"]
[Round "4"]
[White "Willim,M"]
[Black "Bente,B"]
[Result "1/2-1/2"]
[WhiteElo "2098"]
[BlackElo "2259"]

1.d4 Nf6 2.Nf3 g6 3.c4 Bg7 4.Nc3 O-O 5.e4 d6 6.Be2 e5 7.d5 Na6 8.Bg5 h6 9.Bh4 g5
10.Bg3 Nxe4 11.Nxe4 f5 12.Nfd2 fxe4 13.Nxe4 Bf5 14.Bd3 Qe8 15.O-O Qg6 16.f3 g4
17.Qe2 gxf3 18.Qxf3 Bxe4 19.Qxe4 Qxe4 20.Bxe4 Nc5 21.Rxf8+ Rxf8 22.Re1  1/2-1/2

[Event "Vojvodina Quality League"]
[Site "Pancevo SCG"]
[Date "2005.10.04"]
[Round "2"]
[White "Indjic,D"]
[Black "Stupavski,Z"]
[Result "0-1"]
[WhiteElo "2364"]
[BlackElo "2359"]

1.d4 Nf6 2.Nf3 g6 3.c4 Bg7 4.Nc3 O-O 5.e4 d6 6.Be2 e5 7.d5 a5 8.Bg5 h6 9.Bh4 Na6
10.Nd2 Qe8 11.a3 Bd7 12.b3 Nh7 13.Rb1 h5 14.f3 Nc5 15.b4 axb4 16.axb4 Na4
17.Qc2 Nxc3 18.Qxc3 f5 19.Bf2 Nf6 20.O-O fxe4 21.fxe4 g5 22.Ra1 Qg6 23.Qc2 Rxa1
24.Rxa1 g4 25.Bd3 Bh6 26.Nf1 Bg5 27.Ra7 h4 28.g3 hxg3 29.hxg3 Nh7 30.Rxb7 Bh6
31.Rxc7 Ng5 32.Kg2 Nf3 33.Nh2 Qh5 34.Nxf3 gxf3+ 35.Kg1 Bh3 36.Ba7 f2+ 37.Bxf2 Qf3
38.Bf1 Bxf1 39.Kxf1 Qh1+ 40.Ke2 Rxf2+ 41.Kxf2 Qh2+  0-1

[Event "Belgrade Premier League"]
[Site "Belgrade SCG"]
[Date "2005.10.06"]
[Round "6"]
[White "Damjanovic,D"]
[Black "Ivanovic,N"]
[Result "1-0"]
[WhiteElo "2264"]
[BlackElo "2190"]

1.d4 Nf6 2.c4 g6 3.Nc3 Bg7 4.e4 d6 5.Be2 O-O 6.Nf3 e5 7.O-O exd4 8.Nxd4 Re8
9.f3 Nc6 10.Be3 Nh5 11.Nxc6 bxc6 12.g4 Nf6 13.Qd2 Bd7 14.Rad1 c5 15.Bg5 Qb8
16.b3 Bc6 17.Qc1 a5 18.Qc2 h6 19.Bf4 Nd7 20.a4 Nf8 21.Nb5 Ne6 22.Be3 g5 23.Kg2 Be5
24.Rh1 Qd8 25.Bf2 Nf4+ 26.Kf1 Kg7 27.Bxc5 h5 28.Nd4 Bd7 29.Nf5+ Bxf5 30.gxf5 Qf6
31.Bf2 h4 32.Be3 c5 33.Rg1 Kh6 34.Rg4 Reb8 35.Rb1 Rb7 36.Bd2 Rbb8 37.Qc1 Rg8
38.Qe1 Qd8 39.Kg1 Qf6 40.Bf1 Kh5 41.Kh1 Qd8 42.Qc1 Qf6 43.Qc2 Qd8 44.Be3 Qf6
45.Be2 Rab8 46.Bd1 Rbe8 47.Be2 Rb8 48.Qd1 Rgf8 49.Qf1 Rfe8 50.Rd1 Rbd8 51.Bd2 Ra8
52.Qe1 Qd8 53.Be3 Qf6 54.Qd2 Ra7 55.Rdg1 Raa8 56.Qe1 Nh3 57.Bxg5 Nxg1 58.Qxh4+  1-0

[Event "FSGM October"]
[Site "Budapest HUN"]
[Date "2005.10.06"]
[Round "6"]
[White "Buli,V"]
[Black "Wittmann,W"]
[Result "1/2-1/2"]
[WhiteElo "2294"]
[BlackElo "2376"]

1.d4 Nf6 2.c4 g6 3.Nc3 Bg7 4.e4 d6 5.Nf3 O-O 6.Be2 e5 7.d5 Na6 8.Be3 Ng4
9.Bg5 f6 10.Bh4 h5 11.Nd2 Bd7 12.h3 Nh6 13.f3 Nf7 14.g4 hxg4 15.fxg4 Bh6
16.Bf2 Kg7 17.h4 Rh8 18.a3 c5 19.Nf1 Bf4 20.Ng3 Nc7 21.h5 Qe7 22.Rg1 Ng5  1/2-1/2

[Event "Open A"]
[Site "Hamburg GER"]
[Date "2005.10.06"]
[Round "6"]
[White "Lucas,M"]
[Black "Bente,B"]
[Result "1-0"]
[WhiteElo "2071"]
[BlackElo "2259"]

1.d4 Nf6 2.Nf3 g6 3.c4 Bg7 4.Nc3 O-O 5.e4 d6 6.Be2 e5 7.O-O Na6 8.Re1 c6
9.Rb1 exd4 10.Nxd4 Nc5 11.f3 a5 12.Be3 Re8 13.Nc2 Nh5 14.Qd2 Ne6 15.g3 f5
16.exf5 gxf5 17.Rbd1 f4 18.Bf2 fxg3 19.hxg3 Be5 20.Ne4 Qe7 21.Qh6 Nhg7 22.Ne3 Nd4
23.Kg2 Ndf5 24.Nxf5 Nxf5 25.Qh5 Ng7 26.Qh6 Rd8 27.Bd3 Nf5 28.Qh5 Qf7 29.Qg5+  1-0